| 000 | 00703cam a22001934a 4500 | ||
|---|---|---|---|
| 005 | 20250605164008.0 | ||
| 008 | 250528s ||||||||||||||||||||||||d | ||
| 035 | _a15860 | ||
| 020 | _a3540642854 | ||
| 040 |
_aGR-AtMCL _bgre _dGR-AtMCL _eAACR2 |
||
| 245 | 1 | _aWilde's WWW / Technical Foundations of the World Wide Web | |
| 260 |
_bSpringer, _c1999 |
||
| 300 | _a598 | ||
| 520 | _aA thorough technical description of all relevant WWW developments up to the time of writing. Forward, Preface, Contents, Introduction, Fundamentals, Basics, Advanced, Related Technology, Appendices, References, Glossary, Index. | ||
| 700 | 1 |
_aWilde Erik _91881 |
|
| 942 | _cBK | ||
| 999 |
_c1410 _d1410 |
||